[Event "Frankfurt Ch 2009"]
[Site "Ffm-Kalbach, LAZ"]
[Date "2009.06.15"]
[Round "5.55"]
[White "Zimmer, Gerald"]
[Black "Sallwey, Rainer"]
[Result "1/2-1/2"]
[WhiteElo "1772"]
[BlackElo "1570"]
[PlyCount "102"]
[EventDate "2009.??.??"]
[WhiteTeam "SC Bergen-Enkheim 1922"]
[BlackTeam "SK Langen"]

1. d4 d5 2. c4 c6 3. Nc3 Nf6 4. Nf3 a6 5. cxd5 cxd5 6. Qb3 Nc6 7. Bf4 e6 8. e3
Be7 9. Bd3 h6 10. O-O O-O 11. Rac1 Na5 12. Qc2 Nc6 13. Na4 Nb4 14. Qb3 Nxd3 15.
Qxd3 Bd7 16. Qb3 Bc6 17. Nb6 Ra7 18. a4 Nd7 19. Nxd7 Bxd7 20. Bc7 Qe8 21. Qb6
Ra8 22. b3 Bc8 23. a5 Qb5 24. Ne5 Bf6 25. Qxb5 axb5 26. Nd3 Bd7 27. Rc2 Rfc8
28. Rfc1 Bc6 29. Bb6 Bd7 30. Rc7 Bc6 31. Nb4 Rxc7 32. Bxc7 Rc8 33. Bd6 Bd7 34.
Rxc8+ Bxc8 35. Nd3 Bd7 36. Nc5 Bc6 37. Kf1 Bd8 38. a6 bxa6 39. Nxa6 f6 40. Ke2
Ba5 41. Bc7 Bc3 42. Kd3 b4 43. Nc5 Bb5+ 44. Kc2 Kf7 45. Nd3 Ke7 46. Bb6 Kd7 47.
Bc5 Bxd3+ 48. Kxd3 g6 49. e4 h5 50. exd5 exd5 51. f3 Ke6 1/2-1/2

[Event "Frankfurt Ch 2009"]
[Site "Ffm-Kalbach, LAZ"]
[Date "2009.06.15"]
[Round "5.56"]
[White "Ickert, Bernd"]
[Black "Lehmann, Gerit"]
[Result "1-0"]
[WhiteElo "1732"]
[BlackElo "1394"]
[PlyCount "101"]
[EventDate "2009.??.??"]
[WhiteTeam "SC Matt im Park Ffm"]
[BlackTeam "SC 1924 Lampertheim"]

1. e4 e5 2. Nf3 Nc6 3. d4 exd4 4. Nxd4 Nxd4 5. Qxd4 Qe7 6. Bc4 Nf6 7. O-O Qc5
8. Be3 Qxd4 9. Bxd4 Be7 10. e5 Ng8 11. Nc3 c6 12. Ne4 Nh6 13. Rfe1 O-O 14. Nd6
Bxd6 15. exd6 Nf5 16. Be5 b5 17. Bd3 Nh4 18. Re4 Ng6 19. Rae1 Bb7 20. R4e3 Nxe5
21. Rxe5 g6 22. Re7 Rad8 23. b4 f5 24. c4 a6 25. c5 Rf7 26. Re8+ Rxe8 27. Rxe8+
Rf8 28. Rxf8+ Kxf8 29. f4 Kf7 30. Bc2 Kf6 31. Kf2 h6 32. h3 g5 33. Kf3 Ke6 34.
Bb3+ Kf6 35. g3 Bc8 36. g4 fxg4+ 37. Kxg4 gxf4 38. Kxf4 Kg6 39. Ke5 Kg5 40. Bd1
h5 41. Bxh5 a5 42. h4+ Kxh5 43. Kf6 axb4 44. Ke7 b3 45. axb3 b4 46. Kd8 Ba6 47.
Kxd7 Be2 48. Kc7 Bg4 49. d7 Bxd7 50. Kxd7 Kxh4 51. Kxc6 1-0

[Event "Frankfurt Ch 2009"]
[Site "Ffm-Kalbach, LAZ"]
[Date "2009.06.15"]
[Round "5.57"]
[White "Abrahamyan, Arsen"]
[Black "Löhr, Holger"]
[Result "1/2-1/2"]
[WhiteElo "1415"]
[BlackElo "1730"]
[PlyCount "59"]
[EventDate "2009.??.??"]
[WhiteTeam "Frankfurter TV 1860"]
[BlackTeam "Sfr. Braunfels e.V."]

1. e4 e6 2. d4 d5 3. Nc3 Bb4 4. e5 Ne7 5. a3 Bxc3+ 6. bxc3 c5 7. Nf3 Qa5 8. Bd2
c4 9. Ng5 h6 10. Nf3 Nbc6 11. Be2 Bd7 12. Qb1 Qc7 13. Qb2 O-O 14. Qc1 Kh7 15.
g4 Rh8 16. h4 Kg8 17. h5 Kf8 18. g5 Nf5 19. gxh6 Nxh6 20. Bg5 Ne7 21. Bxe7+
Kxe7 22. Qg5+ Kf8 23. Qf4 Ba4 24. Ng5 Qe7 25. Kd2 Ke8 26. Rab1 b6 27. Rhg1 Kd7
28. Rb4 Bc6 29. Nh3 Rhg8 30. Qg5 1/2-1/2

[Event "Frankfurt Ch 2009"]
[Site "Ffm-Kalbach, LAZ"]
[Date "2009.06.15"]
[Round "5.58"]
[White "Budde, Michael"]
[Black "Neuhaus, Joachim"]
[Result "1-0"]
[WhiteElo "1728"]
[BlackElo "1345"]
[PlyCount "75"]
[EventDate "2009.??.??"]
[WhiteTeam "SC 1979 Hattersheim"]
[BlackTeam "SC 1933 Somborn"]

1. d4 d5 2. c4 e5 3. Nc3 dxc4 4. Nf3 exd4 5. Nxd4 c5 6. Ndb5 Qxd1+ 7. Kxd1 Kd7
8. Nd5 Nc6 9. Bf4 a6 10. Nb6+ Kd8 11. Nxa8 axb5 12. Nc7 Nf6 13. Nxb5 Nd5 14.
Bg3 Be6 15. e4 Nf6 16. f3 Nd4 17. Nd6 b5 18. Be5 Kd7 19. Bxd4 Kxd6 20. Bf2 Nh5
21. Kc2 g6 22. a4 b4 23. Be2 Bg7 24. Rhd1+ Kc6 25. a5 c3 26. bxc3 Bxc3 27. Ra4
Nf4 28. Bf1 c4 29. Bd4 Ra8 30. Bxc3 bxc3 31. Kxc3 Kb5 32. Rda1 g5 33. g3 Ng6
34. a6 Ne7 35. Bxc4+ Bxc4 36. Rxc4 Nc6 37. Rb1+ Kxa6 38. Rxc6+ 1-0

[Event "Frankfurt Ch 2009"]
[Site "Ffm-Kalbach, LAZ"]
[Date "2009.06.15"]
[Round "5.59"]
[White "Dages, Rolf Hermann"]
[Black "Seickel, Ralf"]
[Result "0-1"]
[WhiteElo "1537"]
[BlackElo "1722"]
[PlyCount "58"]
[EventDate "2009.??.??"]
[WhiteTeam "SC Eschborn 1974"]
[BlackTeam "vereinslos"]

1. c4 Nf6 2. f4 g6 3. Nc3 d5 4. cxd5 Nxd5 5. e4 Nxf4 6. d4 e5 7. d5 Bg7 8. Bc4
Nxg2+ 9. Kf1 Nf4 10. Bxf4 exf4 11. Qf3 Be5 12. Nge2 Qf6 13. Ke1 h5 14. h4 Bg4
15. Qf2 f3 16. Rf1 Nd7 17. Bb5 c6 18. dxc6 bxc6 19. Ba4 O-O 20. Bxc6 Qxc6 21.
Nd5 Qc2 22. Nec3 Qd3 23. Rd1 Qc4 24. Ne7+ Kh7 25. Rxd7 Bxc3+ 26. bxc3 Bxd7 27.
Qxf3 Bg4 28. Qe3 Rae8 29. Nd5 Qxd5 0-1

[Event "Frankfurt Ch 2009"]
[Site "Ffm-Kalbach, LAZ"]
[Date "2009.06.15"]
[Round "5.61"]
[White "Becker, Günter"]
[Black "Honert, Stefan"]
[Result "1/2-1/2"]
[WhiteElo "1811"]
[BlackElo "1311"]
[PlyCount "30"]
[EventDate "2009.??.??"]
[WhiteTeam "SC Steinbach"]
[BlackTeam "Sfr. Frankfurt 1921"]

1. c4 e6 2. g3 c5 3. Bg2 d5 4. Nf3 Nc6 5. O-O Nf6 6. d3 Be7 7. a3 O-O 8. Qc2 d4
9. e3 e5 10. exd4 exd4 11. Nbd2 h6 12. Re1 Bf5 13. h3 Qc7 14. Nb3 Bd6 15. Bd2
Rae8 1/2-1/2

[Event "Frankfurt Ch 2009"]
[Site "Ffm-Kalbach, LAZ"]
[Date "2009.06.15"]
[Round "5.64"]
[White "Schwabe, Michael"]
[Black "Steiz, Johann"]
[Result "0-1"]
[WhiteElo "1896"]
[BlackElo "1497"]
[PlyCount "74"]
[EventDate "2009.??.??"]
[WhiteTeam "Chess Tigers SFV"]
[BlackTeam "ESV Grossenbaum e.V. 1973"]

1. Nf3 Nf6 2. c4 g6 3. d4 Bg7 4. Nc3 d6 5. e4 O-O 6. Be2 e5 7. dxe5 dxe5 8.
Qxd8 Rxd8 9. Bg5 Re8 10. Nd5 Nxd5 11. cxd5 c6 12. Bc4 cxd5 13. Bxd5 Nd7 14. Rc1
h6 15. Bh4 g5 16. Bg3 Nf6 17. O-O Nxd5 18. exd5 f5 19. h3 f4 20. Bh2 e4 21. Nd2
Bxb2 22. Rc2 Bf6 23. g4 h5 24. f3 Bd4+ 25. Kg2 e3 26. Nb3 Bb6 27. Nc5 Bxc5 28.
Rxc5 b6 29. Rc7 Ba6 30. Rfc1 e2 31. Kf2 hxg4 32. hxg4 Red8 33. R1c6 Bd3 34.
Bxf4 gxf4 35. g5 Rxd5 36. g6 Re8 37. Ke1 Bc4 0-1

[Event "Frankfurt Ch 2009"]
[Site "Ffm-Kalbach, LAZ"]
[Date "2009.06.15"]
[Round "5.65"]
[White "Smith-Meyer, Geir"]
[Black "Witt, Holger"]
[Result "1-0"]
[WhiteElo "1627"]
[BlackElo "1555"]
[PlyCount "121"]
[EventDate "2009.??.??"]
[WhiteTeam "SC Bad Soden"]
[BlackTeam "SC 1934 Viernheim"]

1. d4 d5 2. Bf4 Nf6 3. e3 c5 4. c3 Qb6 5. Qb3 Nc6 6. Nd2 c4 7. Qc2 Bg4 8. Be2
Bxe2 9. Nxe2 e6 10. e4 Be7 11. exd5 exd5 12. Ng3 O-O 13. Nf5 Rfe8 14. O-O Bf8
15. Rfe1 Rxe1+ 16. Rxe1 Re8 17. Re3 Rxe3 18. fxe3 Ne7 19. Nxe7+ Bxe7 20. e4 Qc6
21. exd5 Qxd5 22. h3 b5 23. b3 a6 24. bxc4 bxc4 25. Be5 Qb5 26. a4 Qd5 27. Qa2
h6 28. Qxc4 Qxc4 29. Nxc4 Ne4 30. d5 Bc5+ 31. Kf1 f6 32. Bd4 Bxd4 33. cxd4 Kf7
34. Ke2 Nc3+ 35. Kd2 Nxd5 36. g3 Ke6 37. a5 h5 38. Nb6 Ne7 39. Kd3 f5 40. Na4
Nc6 41. Nc5+ Kd5 42. Nxa6 Nxa5 43. Nc7+ Kc6 44. Ne6 g6 45. Nf4 g5 46. Nxh5 Kd6
47. h4 gxh4 48. gxh4 Nc6 49. Nf4 Nd8 50. Kc4 Nc6 51. h5 Ne5+ 52. dxe5+ Kxe5 53.
h6 Kf6 54. Kd5 Kf7 55. Ke5 Kg8 56. Kxf5 Kh7 57. Kg5 Kg8 58. Kg6 Kh8 59. Ne6 Kg8
60. Nd8 Kh8 61. Nf7+ 1-0

[Event "Frankfurt Ch 2009"]
[Site "Ffm-Kalbach, LAZ"]
[Date "2009.06.15"]
[Round "5.66"]
[White "Knott, Tilo"]
[Black "Waschke, Thomas"]
[Result "0-1"]
[WhiteElo "1498"]
[BlackElo "1584"]
[PlyCount "74"]
[EventDate "2009.??.??"]
[WhiteTeam "SC Brett vor'm Kopp Ffm"]
[BlackTeam "SC Bergen-Enkheim 1922"]

1. d4 d5 2. Nc3 Nf6 3. Bg5 Bf5 4. Nf3 e6 5. e3 Nbd7 6. a3 Be7 7. Bd3 Bg4 8. O-O
O-O 9. h3 Bh5 10. Be2 c5 11. Ne5 Bxe2 12. Qxe2 Nxe5 13. dxe5 Nd7 14. Bxe7 Qxe7
15. f4 a6 16. a4 Qd8 17. a5 Qc7 18. b3 f6 19. Qg4 f5 20. Qg5 Rad8 21. Rfd1 Nb8
22. Qg3 Nc6 23. Qe1 Nb4 24. Rdc1 d4 25. exd4 Rxd4 26. Ne2 Re4 27. Qf2 Rd8 28.
Rd1 Nxc2 29. Rac1 Rxd1+ 30. Rxd1 Qxa5 31. Kh2 Ne3 32. Rd3 Nd5 33. Rf3 Qd2 34.
Qxc5 Rxe2 35. Qc8+ Kf7 36. Qxb7+ Ne7 37. Rf1 Qd5 0-1

[Event "Frankfurt Ch 2009"]
[Site "Ffm-Kalbach, LAZ"]
[Date "2009.06.15"]
[Round "5.67"]
[White "Schirmbeck, Markus"]
[Black "Hohls, Henning"]
[Result "1-0"]
[WhiteElo "1562"]
[BlackElo "1113"]
[PlyCount "51"]
[EventDate "2009.??.??"]
[WhiteTeam "SG Halle 1946/Künsebeck"]
[BlackTeam "SC 1934 Gelnhausen"]

1. e4 c5 2. Nf3 e6 3. d4 cxd4 4. Nxd4 Bc5 5. Nc3 Qb6 6. Na4 Qa5+ 7. c3 Nc6 8.
b4 Nxb4 9. Nxc5 Qxc5 10. cxb4 Qc3+ 11. Bd2 Qxd4 12. f3 Nf6 13. Rc1 Qb6 14. Qb3
O-O 15. Be3 Qd8 16. Bg5 b6 17. e5 h6 18. Bh4 g5 19. exf6 gxh4 20. Qc3 e5 21.
Bd3 Qxf6 22. Be4 Rb8 23. O-O Bb7 24. Bb1 Rbc8 25. Qd3 d6 26. Qh7# 1-0

[Event "Frankfurt Ch 2009"]
[Site "Ffm-Kalbach, LAZ"]
[Date "2009.06.15"]
[Round "5.68"]
[White "Krüger, Jens"]
[Black "Schellen, Sven"]
[Result "0-1"]
[WhiteElo "1382"]
[BlackElo "1556"]
[PlyCount "118"]
[EventDate "2009.??.??"]
[WhiteTeam "SC Nidderau"]
[BlackTeam "Sfr. Frankfurt 1921"]

1. e4 c6 2. Nf3 d5 3. exd5 cxd5 4. d4 Bf5 5. Bd3 Bg6 6. O-O Nd7 7. Bf4 Qb6 8.
Nc3 e6 9. Rb1 Ngf6 10. Bb5 Bh5 11. Qd3 Bxf3 12. gxf3 Bd6 13. Be5 O-O-O 14. Na4
Qc7 15. c4 Bxe5 16. Bxd7+ Kxd7 17. dxe5 Qxe5 18. cxd5 Ke8 19. Qb5+ Rd7 20. Rfc1
Ke7 21. d6+ Qxd6 22. Nc5 Qd5 23. Qb4 Rd6 24. Nxb7 Rhd8 25. Nxd6 Rxd6 26. Rd1
Qg5+ 27. Kf1 Nd5 28. Qc5 Qf5 29. Rbc1 Qxf3 30. Qxa7+ Rd7 31. Qa3+ Qxa3 32. bxa3
Ra7 33. Rd3 f5 34. Rc4 g5 35. Rb3 Kf6 36. a4 Rd7 37. a5 h5 38. a6 Nf4 39. Rc1
g4 40. Rb7 Rd6 41. a7 Ra6 42. Rc4 Ke5 43. Ke1 Rxa2 44. Kd1 Nd3 45. Rc2 Ra1+ 46.
Ke2 Nf4+ 47. Kd2 Kd4 48. Rb4+ Ke5 49. Rc7 Nd5 50. Rb5 Kd6 51. Rf7 Ra2+ 52. Kc1
Nc7 53. Kb1 Rxa7 54. Rb3 Nb5 55. Rxa7 Nxa7 56. Kc2 Nc6 57. Kd2 Ke5 58. Ke3 f4+
59. Ke2 Nd4+ 0-1

[Event "Frankfurt Ch 2009"]
[Site "Ffm-Kalbach, LAZ"]
[Date "2009.06.15"]
[Round "5.69"]
[White "Kletzerman, Simon"]
[Black "Fischler, Paul"]
[Result "1-0"]
[WhiteElo "1544"]
[BlackElo "1009"]
[PlyCount "67"]
[EventDate "2009.??.??"]
[WhiteTeam "TuS Makkabi Ffm"]
[BlackTeam "Sfr.1891 Friedberg"]

1. e4 d6 2. d4 e5 3. Bc4 Nf6 4. dxe5 Nxe4 5. Qd5 Qe7 6. Qxe4 dxe5 7. Nf3 f6 8.
O-O c6 9. b3 b5 10. Bxb5 Bb7 11. Ba4 Qf7 12. b4 Qc7 13. Be3 Nd7 14. Qc4 Bd6 15.
Qe6+ Kd8 16. Rd1 Bxb4 17. a3 Be7 18. Nc3 Ke8 19. Ne4 Rd8 20. Nd6+ Qxd6 21. Rxd6
Nb6 22. Rxd8+ Kxd8 23. Bxb6+ axb6 24. Rd1+ Ke8 25. Qd7+ Kf7 26. Bb3+ Kg6 27.
Qg4+ Kh6 28. Qh3+ Kg6 29. Nh4+ Kg5 30. Qg3+ Kh6 31. Nf5+ Kh5 32. Nxg7+ Kh6 33.
Nf5+ Kh5 34. Bf7# 1-0

[Event "Frankfurt Ch 2009"]
[Site "Ffm-Kalbach, LAZ"]
[Date "2009.06.15"]
[Round "5.73"]
[White "Schlosser, Sebastian"]
[Black "Cipca, Adrian"]
[Result "0-1"]
[WhiteElo "1402"]
[BlackElo "1577"]
[PlyCount "54"]
[EventDate "2009.??.??"]
[WhiteTeam "SK Kolbermoor"]
[BlackTeam "SK Bad Homburg 1927"]

1. e4 c5 2. Nf3 d6 3. Bc4 Nc6 4. d4 cxd4 5. Nxd4 Nf6 6. Nc3 g6 7. O-O Bg7 8.
Bb5 Bd7 9. Be3 a6 10. Nxc6 Bxc6 11. Bxc6+ bxc6 12. f3 O-O 13. Ne2 c5 14. c4 Nd7
15. Qc2 Rb8 16. Nc3 Ne5 17. b3 Nc6 18. Rab1 Nb4 19. Qd2 e6 20. Rfd1 Qc7 21. a3
Nc6 22. Qxd6 Qb7 23. Ne2 Rfd8 24. Qxc5 Rxd1+ 25. Rxd1 Qxb3 26. Rd7 Bf8 27. Qg5
f6 0-1

[Event "Frankfurt Ch 2009"]
[Site "Ffm-Kalbach, LAZ"]
[Date "2009.06.15"]
[Round "5.74"]
[White "Stulken, Dietmar"]
[Black "Kirschner, Matthias"]
[Result "1-0"]
[WhiteElo "1329"]
[BlackElo "1719"]
[PlyCount "55"]
[EventDate "2009.??.??"]
[WhiteTeam "SC Brett vor'm Kopp Ffm"]
[BlackTeam "SV 1997 Nauheim"]

1. e4 d6 2. d4 Nf6 3. Nc3 e5 4. dxe5 dxe5 5. Qxd8+ Kxd8 6. Bg5 Be6 7. O-O-O+
Bd6 8. f4 h6 9. fxe5 hxg5 10. exd6 c6 11. Be2 Ng4 12. Bxg4 Bxg4 13. Nf3 f6 14.
h3 Be6 15. e5 Nd7 16. Nd4 Bc4 17. e6 Ne5 18. b3 Ba6 19. Ne4 Rg8 20. Nc5 Rc8 21.
Nf5 Rb8 22. Rd2 Bb5 23. e7+ Kc8 24. Rhd1 Nd7 25. Re1 Ne5 26. d7+ Nxd7 27. Rxd7
b6 28. e8=Q+ 1-0

[Event "Frankfurt Ch 2009"]
[Site "Ffm-Kalbach, LAZ"]
[Date "2009.06.15"]
[Round "5.75"]
[White "Lopez-Fuertes, Victor"]
[Black "Leßmann, Sven"]
[Result "1-0"]
[WhiteElo "1448"]
[BlackElo "1193"]
[PlyCount "73"]
[EventDate "2009.??.??"]
[WhiteTeam "SC 1910 Höchst"]
[BlackTeam "SC Bad Soden"]

1. e4 c6 2. d4 d5 3. e5 Bf5 4. Ne2 e6 5. Ng3 Bg6 6. h4 h5 7. Bd3 Bxd3 8. Qxd3
g6 9. Qb3 Qc7 10. a4 a5 11. Bd2 Nd7 12. Na3 f6 13. O-O fxe5 14. dxe5 Nxe5 15.
Rfe1 Bd6 16. Qc3 Kd7 17. f4 Nf7 18. Qg7 Ngh6 19. Qxg6 Rae8 20. Nxh5 Bc5+ 21.
Be3 Bxe3+ 22. Rxe3 Kd6 23. Rae1 Qb6 24. Kh1 Nd8 25. Rd3 Nf5 26. Nc4+ Kc7 27.
Nxb6 Kxb6 28. Qg4 Reg8 29. Qf3 Nxh4 30. Qf2+ c5 31. Qxh4 Rh6 32. Rg3 Rxg3 33.
Qxg3 Rxh5+ 34. Kg1 c4 35. Re5 Rh7 36. Qg8 Rc7 37. Qxd8 1-0

[Event "Frankfurt Ch 2009"]
[Site "Ffm-Kalbach, LAZ"]
[Date "2009.06.15"]
[Round "5.76"]
[White "Paulicks, Frank"]
[Black "Bauer, Alfred"]
[Result "0-1"]
[WhiteElo "1083"]
[BlackElo "1407"]
[PlyCount "76"]
[EventDate "2009.??.??"]
[WhiteTeam "Sfr.1891 Friedberg"]
[BlackTeam "FB Mörlenbach-Birkenau"]

1. d4 d5 2. Bf4 e6 3. e3 c5 4. c3 Nc6 5. Nd2 Nf6 6. Ngf3 Bd7 7. Ne5 cxd4 8.
exd4 Nxe5 9. Bxe5 Be7 10. Bd3 O-O 11. O-O Qb6 12. Qb3 Bd8 13. Rfe1 Ng4 14. Bg3
Bc7 15. Bxc7 Qxc7 16. g3 f5 17. f4 Rab8 18. h3 Nf6 19. Re3 Qd8 20. Kh2 Kh8 21.
Rg1 Nh5 22. Qd1 Nf6 23. h4 Ng4+ 24. Kh1 Nxe3 25. Qf3 Ng4 26. Rg2 Qb6 27. b4
Rbc8 28. Nb1 a5 29. a3 axb4 30. axb4 Ra8 31. Bc2 Ra2 32. h5 Rfa8 33. Re2 Rb2
34. Qg2 Raa2 35. Qf1 Qb5 36. Qd1 Rxc2 37. Rxc2 Rxc2 38. Qxc2 Qf1# 0-1

[Event "Frankfurt Ch 2009"]
[Site "Ffm-Kalbach, LAZ"]
[Date "2009.06.15"]
[Round "5.77"]
[White "Kohlmeyer, Klaus"]
[Black "Precht, Marten"]
[Result "1-0"]
[WhiteElo "1813"]
[BlackElo "965"]
[PlyCount "81"]
[EventDate "2009.??.??"]
[WhiteTeam "Sfr. Braunfels e.V."]
[BlackTeam "SC 1933 Somborn"]

1. f4 d5 2. Nf3 Nf6 3. e3 Nc6 4. Bb5 Bd7 5. b3 a6 6. Bxc6 Bxc6 7. Bb2 e6 8. Ne5
Bd6 9. Nxc6 bxc6 10. O-O O-O 11. Qe1 Re8 12. Qg3 Nh5 13. Qh3 Nf6 14. Qg3 Nh5
15. Qf3 Qh4 16. Nc3 e5 17. g3 Qh3 18. fxe5 Rxe5 19. Qxf7+ Kh8 20. Ne2 Rg5 21.
Qf3 h6 22. Nf4 Bxf4 23. exf4 Rg4 24. Qg2 Qxg2+ 25. Kxg2 Rf8 26. Be5 Rf7 27. Rf3
Kh7 28. Re1 Rg6 29. Ree3 Nf6 30. Bxf6 Rfxf6 31. Re7 h5 32. Rxc7 h4 33. Re7 hxg3
34. hxg3 c5 35. Rc7 Rc6 36. Rxc6 Rxc6 37. Re3 g6 38. Kf3 Kh6 39. g4 a5 40. g5+
Kh5 41. Re7 1-0

[Event "Frankfurt Ch 2009"]
[Site "Ffm-Kalbach, LAZ"]
[Date "2009.06.15"]
[Round "5.78"]
[White "Herwig-Päutz, Martin"]
[Black "Grohmüller, Robert"]
[Result "1-0"]
[WhiteElo "1506"]
[BlackElo "1302"]
[PlyCount "57"]
[EventDate "2009.??.??"]
[WhiteTeam "SC Nidderau"]
[BlackTeam "FB Mörlenbach-Birkenau"]

1. e4 e6 2. d4 d5 3. e5 Nd7 4. Bd3 c5 5. c3 cxd4 6. cxd4 Qb6 7. Nf3 Ne7 8. O-O
h6 9. b3 Nc6 10. Be3 Bb4 11. a3 Be7 12. b4 a6 13. Nc3 f6 14. Bg6+ Kd8 15. Bf7
fxe5 16. dxe5 Qc7 17. Bxe6 Ncxe5 18. Nxd5 Nxf3+ 19. Qxf3 Ne5 20. Qd1 Qd6 21.
Bb6+ Ke8 22. Nc7+ Kf8 23. Qxd6 Bxd6 24. Nxa8 Bxe6 25. Bc5 Be7 26. Nc7 Kf7 27.
Nxe6 Kxe6 28. Rfe1 Bf6 29. f4 1-0